Marketing of Innovations. Innovations in Marketing Materials of the International Scientific Internet Conference (December, 2023)
Gespeichert in:
| Körperschaft: | |
|---|---|
| Weitere Verfasser: | , |
| Format: | Buch |
| Sprache: | Englisch Ukrainisch |
| Veröffentlicht: |
Bielsko-Biala
WSEH
2023
|
| Ausgabe: | 1st Edition |
| Schlagworte: | |
| Tags: |
Keine Tags, Fügen Sie das erste Tag hinzu!
|
MARC
| LEADER | 00000nlm a2200000 4500 | ||
|---|---|---|---|
| 001 | 0297841 | ||
| 005 | 20240416114215.0 | ||
| 020 | |a 978-83-63649-15-9 | ||
| 041 | 0 | |a eng | |
| 041 | 0 | |a ukr | |
| 044 | |a PL | ||
| 245 | 1 | 0 | |a Marketing of Innovations. Innovations in Marketing |b Materials of the International Scientific Internet Conference (December, 2023) |c Reviewers: Olha Prokopenko, Svitlana Kovalchuk |
| 250 | |a 1st Edition | ||
| 264 | 1 | |a Bielsko-Biala |b WSEH |c 2023 | |
| 300 | |a 234 s. | ||
| 610 | 2 | 0 | |a marketing |
| 610 | 2 | 0 | |a inovácia |
| 610 | 2 | 0 | |a manažment inovačný |
| 610 | 2 | 0 | |a marketing environmentálny |
| 700 | 1 | |a Prokopenko, Olha | |
| 700 | 1 | |a Kovalchuk, Svitlana | |
| 110 | 2 | |a Marketing of Innovations. Innovations in Marketing. International Scientific Internet Conference | |